000 01636nam a22002297a 4500
999 _c60203
_d60203
003 Ge_BSU
005 20230619102945.0
008 230619s1966 ge ||||| |||| 00| 0 geo d
041 _ageo
080 _a930(479.22)(092) ა-40
245 _aაკადემიკოსი ექვთიმე თაყაიშვილი : ცხოვრება და მოღვაწეობა :
_bსტატიების კრებული /
_c[სარედ. კოლ.: ა. აფაქიძე, ნ. ბერძენიშვილი და სხვა]; საქ. სსრ მეცნ. აკად., ისტორიის, არქეოლ., ეთნოგრ. და ფოლკლორის სამეცნ. საზ-ბა.
264 _aთბილისი :
_bმეცნიერება,
_c1966.
300 _a213 გვ. :
_b1 ფ. პორტრ. ;
_c26 სმ.
504 _aბიბლიოგრ. შენიშვნებში.
653 _aთაყაიშვილი, ექვთიმე
653 _aქართველი ისტორიკოსები.
700 _aაფაქიძე, ა.
_eავტორი.
_918794
700 _aბერძენიშვილი, ნ.
_eავტორი
_918795
700 _aსაქ სსრ მეცნიერებათა აკადემია
_918796
700 _aისტორიის, არქეოლოგიის, ეთნოგრაფიის და ფოლკლორის სამეცნიერო საზოგადოება
_918797
942 _2udc
_cBK